Prominente Persönlichkeiten die 2024 gestorben sind - Statistiken

Allgemein
  • Dieses Quiz wurde 56 mal gespielt
  • Das Durchschnittsergebnis liegt bei 10 aus 85
Antwortstatistiken
Datum Beruf Alter Person % Korrekt
07.01. deutscher Fußballspieler & -trainer; Weltmeister 78 Franz Beckenbauer
87%
20.02. deutscher Fußballspieler, Weltmeister 63 Andreas Brehme
57%
29.12. 39. US-Präsident von 1977-1981, Preisträger des Friedensnobelpreises 100 Jimmy Carter
55%
03.01. norddeutscher Optiker; Unternehmer 84 Günther Fielmann
47%
16.02. russischer Oppositionspolitiker 47 Alexej Nawalny
40%
24.08. deutscher Fußballtrainer, Deutscher Meister, Drogenaffäre 70 Christoph Daum
38%
23.01. deutscher Musikproduzent 82 Frank Farian
36%
16.10. britischer Sänger der Band "One Direction" 31 Liam Payne
34%
10.04. Footballspieler in der NFL 76 O.J. Simpson
32%
27.09. britische Schauspielerin, 2x Oscar-Preisträgerin, erhielt eine Ritterschlag, u.a. bekannt aus "Harry Potter" 89 Maggie Smith
30%
12.08. österreichischer Bauunternehmer, 6 Ehen, begleitete Hollywood-Schauspieler zum Wiener Opernball 91 Richard Lugner
28%
15.09. Mitglied der "Jackson Five" und der Rock'n'Roll Hall of Fame 70 Tito Jackson
26%
17.08. französischer Schauspieler und Filmproduzent, Goldene Palme für sein Lebenswerk 88 Alain Delon
23%
09.09. US-Schauspieler und Synchronsprecher, Stimme von Darth Vader 93 James Earl Jones
23%
03.11. US-amerikanischer Komponist, Jazztrompeter, Musikproduzent, 27x Grammy 91 Quincy Jones
23%
20.10. türkischer Gründer der Gülen-Bewegung, lebte in den USA, wurde von Erdogan als Staatsfeind betrachtet 83 Fethullah Gülen
19%
21.12. deutsche Theater-Schauspielerin und TV-Kommissarin 82 Hannelore Hoger
17%
26.08. schwedischer Fußballtrainer, UEFA-Cup-Sieger 76 Sven-Göran Eriksson
17%
15.04. deutscher Fußballspieler, Weltmeister 78 Bernd Hölzenbein
15%
09.09. deutsche Sängerin und Tänzerin, Entertainerin mit den weltweit zweimeisten Fernsehauftritten nach Frank Sinatra 93 Caterina Valente
15%
25.03. deutscher Schauspieler 82 Fritz Wepper
15%
20.06. kanadischer Schauspieler und Produzent 88 Donald Sutherland
13%
22.11. deutscher Synchronsprecher von fast 1.400 Rollen von Hollywood-Stars, Zusätzlich Hörspiele: u.a. "Die drei ???" & "Benjamin Blümchen" 96 Jürgen Thormann
13%
05.04. deutscher Schauspieler & Theatermacher 87 Peter Sodann
13%
09.08. Sozialpädagoge und Verwaltungsbeamter, bekannt aus einer RTL-Sendung 74 Peter Zwegat
13%
01.06. deutsche Schauspielerin 92 Ruth Maria Kubitschek
13%
21.08. US-amerikanischer Schauspieler 84 John Amos
11%
29.05. Olympiasieger und Weltmeister als Boxer und als Trainer 81 Manfred Wolke
11%
13.08. SPD-Politiker, Fußballfunktionär 77 Willi Lemke
11%
13.09. hessischer FDP-Politiker, ehemailger Bundesvorsitzender 80 Wolfsgang Gerhardt
11%
04.01. deutscher TV-& Hollywood-Schauspieler; "Alarm für Cobra 11", "The Good German", "Operation Walküre" 51 Christian Oliver
9%
29.10. Vorsitzender des Vorstands der Daimler-Benz AG, Ehrenbürger Berlins 96 Edzard Reuter
9%
14.08. US-Schauspielerin, Ehren-Oscar für ihr Lebenswerk 94 Gena Rowlands
9%
08.06. deutscher CDU-Politiker, u.a. Bundesminister 85 Klaus Töpfer
9%
11.07. US-Schauspielerin 75 Shelley Duvall
9%
14.05. kanadische Schauspielerin, Literaturnobelpreisträgerin 92 Alice Munro
6%
04.01. US-Schauspieler, Produzent und Regisseur und bekannt aus "Starsky & Hutch", & Musiker mit zwei Nummer 1 Songs in den britischen Charts "Don't Give Up on Us" und "Silver Lady" 80 David Soul
6%
28.09. texanischer Songwriter mit schwedischen Wurzeln 88 Kris Kristofferson
6%
23.05. US-Regiesseur 53 Morgan Spurlock
6%
06.02. deutscher Rapper & Schauspieler 26 Pablo Grant
6%
08.04. Wissenschaftler, Nobelpreisträger der Physik 94 Peter Higgs
6%
13.07. krebskranke US-Schauspielerin 53 Shannen Doherty
6%
03.04. deutsche Schauspielerin mit russischen Wurzeln 83 Vera Tschechowa
6%
07.06. US-Astronaut, Präsidentenberater, US-Botschafter 90 William Anders
6%
18.06. französische Schauspielerin 92 Anouk Aimée
4%
01.02. Football-Spieler, US-Schauspieler 76 Carl Weathers
4%
05.12. deutsche Schauspielerin, bekannt aus dem Märchenfilm "Das singende klingende Bäumchen" als Prinzessin Tausendschön 86 Christel Bodenstein
4%
20.06. deutscher Sänger vor allem im DDR-Fernsehen 85 Eberhard Hertel
4%
11.06. französische Sängerin und Musikerin 80 Françoise Hardy
4%
08.09. ostdeutscher evangelischer Theologe und Bürgerrechtler, SPD-Politiker 80 Friedrich Schorlemmer
4%
10.02. deutscher Musiker 79 Fritz Puppel
4%
15.03. deutscher Schlagersänger 95 Henry Valentino
4%
01.12. deutsche Diskuswerferin, Europameisterin, Olympiasiegerin 55 Ilke Wyludda
4%
19.02. Modell, Schauspielerin aus italienischem Hochadel 83 Ira von Fürstenberg
4%
22.07. britischer Blues-Musiker, Mitglied der "Rock'n'Roll Hall of Fame" 90 John Mayall
4%
11.02. kenianischer Marathonläufer 24 Kelvin Kiptum
4%
22.04. Regisseur, Produzent und Schauspieler 85 Michael Verhoeven
4%
12.04. italienischer Modedesigner 83 Roberto Cavalli
4%
23.07. deutsche Theaterschauspielerin und Sängerin 61 Susanne Bard
4%
29.05. ostdeutscher Autor und Regisseur 68 Thomas Heise
4%
13.12. westdeutscher Regisseur, gewann mehrere Filmpreise in Deutschland, Europa und Frankreich 70 Wolfgang Becker
4%
27.07. deutscher Komponist, Preisträger des Verdienstordens zum Tag der Deutschen Einheit und zum "Officier dans l'Ordre des Arts et des Lettres" in Frankreich 72 Wolfsgang Rihm
4%
22.10. ostdeutsche Leichtathletin, Olympiasiegerin & Europameisterin über 100m Hürden 74 Annelie Erhardt
2%
22.10. ostdeutscher Fußballspieler, DDR-Meisterschaft, 3x Torschützenkönig 85 Bernd Bauchspieß
2%
09./10.03. US-amerikanischer Musiker 74 Eric Carmen
2%
25.06. deutscher Musiker 76 Fredl Fesl
2%
09.12. "stern"-Reporter bekannt für die Präsentation gefälschter "Hitler-Tagebücher" 93 Gerd Heidemann
2%
04.04. namibischer Präsident 82 Hage Gottfried Geingob
2%
29.03. ostdeutscher Politker & Sprachwissenschaftler 87 Hans Joachim Meyer
2%
15.05. ostdeutscher Maler 84 Heinz Zander
2%
02.01. ostdeutscher Schauspieler, gehörte zum festen Ensemble der Berliner Volksbühne, wirkte in "Tatort" und "Polizeiruf" mit 73 Hendrik Arnst
2%
06.12. ostdeutscher Germanist, Autor von Kriminalgeschichten und Moderator, MDR-Literaturpreisträger 61 Henner Kotte
2%
19.02. deutscher Schauspieler 98 Horst Naumann
2%
08.05. britscher Schauspieler 74 Ian Gelder
2%
15.02. deutsche Sängerin & Schauspielerin 90 Johanna von Koczian
2%
26.11. deutsche Schauspielerin; u.a. "Liebling Kreuzberg" & "Die Schwarzwaldklinik", Götz-George-Preis für ihr Lebenswerk 84 Karin Baal
2%
20.05. deutscher Fußballspieler 85 Karl-Heinz Schnellinger
2%
21.10. Leiter der Jungen Gemeinde Stadtmitte in Jena, Gegner des Rechtsextremismus 70 Lothar König
2%
12.11. deutscher Bahnradsportler, mehrfacher Weltmeister 65 Michael Hübner
2%
30.04. US-Schriftsteller, Regisseur und Drehbuchautor 77 Paul Auster
2%
11.03. US-amerikanischer Regisseur 88 Percy Adlon
2%
14.07. deutscher Band-Musiker (Gitarrist und Komponist) 74 Ralph Peter Steitz
2%
12.07. deutsche Sexualtherapeutin und Popikone, Überlebende des Holocaust, Annahme der US-Staatsbürgerschaft, erhielt das Bundesverdienstkreuz 96 Ruth Westheimer
2%
06.09. brasilianische Musiklegende, Samba-Jazz-Musiker, 3x Grammys 83 Sérgio Mendes
2%
30.07. deutscher SPD-Politker aus Thüringen 53 Thomas Hartung
2%
Keine übereinstimmenden Quizze gefunden
Verteilung der Resultate
Anzahl Personen mit jedem Resultat
Perzentil nach korrekt beantworteten Fragen
Ihre Resultats-Entwicklung
Sie haben dieses Quiz noch nicht gespielt